WHO IS WHO - Statistiques

Statistiques générales
  • Ce quiz a été pris 14 fois
  • Le résultat moyen est 13 sur 15
Statistiques - réponses
Hint Réponse % Correct
PETITES BLONDES SPORITVES CAPUCINE
100%
KAYAK FRACTURE VELO JOEY
100%
CHEVAL CHEVAL CHEVAL MANON
100%
SKI CAMILLE BLINDER MAXENCE
100%
GRAND MYOPE BEAU ANTHONY
83%
GO MUSCU CHARO BLOND BENJAMIN
83%
NOIR GENTIL PETIT CLEMENT
83%
OL LAURIE BLINDER LEO
83%
GILET JAUNE TATOUAGE 30ANS LORELEY
83%
SCOOT ATCHOUUM QUESTION MAIA
83%
BLONDE TASPE GOLRI MARIELOU
83%
OL MAIWEN BLINDER ROBIN
83%
MRP HUILE ESSENTIELLE SOJA SOLENE
83%
MRP CACTUS AGREABLE JEREMY
67%
CASQUE LACUNE ANATOMIQUE THEYS
33%
Aucun quiz correspondant
Distribution des résultats
% des personnes avec chaque résultat
Percentile par nombre de réponses
Votre historique - résultats
Vous n’avez pas pris ce quiz